Digital Signal Processing Student Guide (Record no. 300525)
[ view plain ]
| 000 -LEADER | |
|---|---|
| fixed length control field | 00473nam a2200169Ia 4500 |
| 008 - FIXED-LENGTH DATA ELEMENTS--GENERAL INFORMATION | |
| fixed length control field | 230718s9999 xx 000 0 und d |
| 020 ## - INTERNATIONAL STANDARD BOOK NUMBER | |
| International Standard Book Number | 0-333-63719-4 |
| 041 ## - LANGUAGE CODE | |
| Language code of text/sound track or separate title | eng |
| 082 ## - DEWEY DECIMAL CLASSIFICATION NUMBER | |
| Classification number | 621.382'2 |
| Item number | TER |
| 100 ## - MAIN ENTRY--PERSONAL NAME | |
| Personal name | Terrell T.T. |
| 9 (RLIN) | 135792 |
| 245 ## - TITLE STATEMENT | |
| Title | Digital Signal Processing Student Guide |
| 260 ## - PUBLICATION, DISTRIBUTION, ETC. (IMPRINT) | |
| Date of publication, distribution, etc. | 1996 |
| Name of publisher, distributor, etc. | Macmillan |
| 300 ## - PHYSICAL DESCRIPTION | |
| Extent | 326 |
| Accompanying material [OBSOLETE, CAN/MARC] | Ref 598 E (11731) |
| 365 ## - TRADE PRICE | |
| Currency code | Rs. |
| Price amount | 700.00 |
| 700 ## - ADDED ENTRY--PERSONAL NAME | |
| Personal name | Terrell T.T. & Link K. |
| 9 (RLIN) | 186805 |
| 906 ## - LOCAL DATA ELEMENT F, LDF (RLIN) | |
| d | B:15-Apr-2008 |
| c | ME ETC |
| b | 105 |
| Withdrawn status | Lost status | Source of classification or shelving scheme | Reference No | Damaged status | Not for loan | Home library | Current library | Date acquired | Vendor | Budget Code | Cost, normal purchase price | Full call number | Barcode | Date last seen | Discount | Cost, replacement price | Bill Date | Koha item type | Original Barcode |
|---|---|---|---|---|---|---|---|---|---|---|---|---|---|---|---|---|---|---|---|
| Dewey Decimal Classification | Ref 598 E (11731) | Reference | Cummins College of Engineering for Women Pune | Cummins College of Engineering for Women Pune | 21/08/2000 | Pradeep Book Distributors | ME ETC | 595.00 | 621.382'2 | CCEP-BK-11731 | 18/07/2023 | 105 | 700.00 | 15/04/2008 | Books | 011731 |